Determinate sentencing and the high cost of overblown rhetoric: the New York experience
| 1. VerfasserIn: | |
|---|---|
| Medienart: | Elektronisch Aufsatz |
| Sprache: | Englisch |
| Veröffentlicht: |
1994
|
| In: |
Crime & delinquency
Jahr: 1994, Band: 40, Heft: 4, Seiten: 532-548 |
| Online-Zugang: |
Vermutlich kostenfreier Zugang Volltext (Resolving-System) |
| Verfügbarkeit prüfen: | HBZ Gateway |
| Schlagwörter: |
MARC
| LEADER | 00000caa a22000002c 4500 | ||
|---|---|---|---|
| 001 | 1526125676 | ||
| 003 | DE-627 | ||
| 005 | 20220604105407.0 | ||
| 007 | cr uuu---uuuuu | ||
| 008 | 160223s1994 xx |||||o 00| ||eng c | ||
| 024 | 7 | |a 10.1177/0011128794040004004 |2 doi | |
| 035 | |a (DE-627)1526125676 | ||
| 035 | |a (DE-576)456125671 | ||
| 035 | |a (DE-599)BSZ456125671 | ||
| 040 | |a DE-627 |b ger |c DE-627 |e rakwb | ||
| 041 | |a eng | ||
| 100 | 1 | |a Griset, Pamala L. |4 aut | |
| 245 | 1 | 0 | |a Determinate sentencing and the high cost of overblown rhetoric: the New York experience |c Pamala L. Griset |
| 264 | 1 | |c 1994 | |
| 300 | |a Online-Ressource | ||
| 336 | |a Text |b txt |2 rdacontent | ||
| 337 | |a Computermedien |b c |2 rdamedia | ||
| 338 | |a Online-Ressource |b cr |2 rdacarrier | ||
| 773 | 0 | 8 | |i In |t Crime & delinquency |d Thousand Oaks, Calif. [u.a.] : Sage Publications, 1960 |g 40(1994), 4, Seite 532-548 |h Online-Ressource |w (DE-627)306655128 |w (DE-600)1499997-3 |w (DE-576)081985045 |x 1552-387X |7 nnas |
| 773 | 1 | 8 | |g volume:40 |g year:1994 |g number:4 |g pages:532-548 |
| 856 | |u https://stars.library.ucf.edu/facultybib1990/1052 |x unpaywall |z Vermutlich kostenfreier Zugang |h repository [deprecated] | ||
| 856 | 4 | 0 | |u http://dx.doi.org/10.1177/0011128794040004004 |x Resolving-System |3 Volltext |7 1 |
| 935 | |a mkri | ||
| 951 | |a AR | ||
| ELC | |a 1 | ||
| LOK | |0 000 xxxxxcx a22 zn 4500 | ||
| LOK | |0 001 2899638955 | ||
| LOK | |0 003 DE-627 | ||
| LOK | |0 004 1526125676 | ||
| LOK | |0 005 20160223101727 | ||
| LOK | |0 008 160208||||||||||||||||ger||||||| | ||
| LOK | |0 040 |a DE-21-110 |c DE-627 |d DE-21-110 | ||
| LOK | |0 092 |o n | ||
| LOK | |0 689 |a s |a Strafzumessung | ||
| LOK | |0 689 |a s |a Straftheorie | ||
| LOK | |0 689 |a s |a USA | ||
| LOK | |0 689 |a s |a Richtlinien | ||
| LOK | |0 852 |a DE-21-110 | ||
| LOK | |0 852 1 |9 00 | ||
| LOK | |0 935 |a k110 | ||
| LOK | |0 939 |a 08-02-16 |b l01 | ||
| OAS | |a 1 | ||
| ORI | |a SA-MARC-krimdoka001.raw | ||
